| 000 | 01492nam a22003617a 4500 | ||
|---|---|---|---|
| 001 | BR8401050 | ||
| 003 | BR-BrBNA | ||
| 005 | 20230928091859.0 | ||
| 007 | ta | ||
| 008 | 230509b bl.||||| |||| 00| 0 por d | ||
| 040 |
_aBR-BrBNA _bpor _cBiblioteca Nacional de Agricultura |
||
| 041 | _a(Por) | ||
| 072 |
_aF00; F30; H20 _b1740 _b3530 _b4120 _b/G514 |
||
| 090 | _ 1740 BR8401050 | ||
| 100 | 1 | _aBruckner, C.H. | |
| 110 | 1 |
_aEscola Superior de Agricultura Luiz de Queiroz, Piracicaba, SP (Brasil) _0Tese (Mestre em Agronomia) |
|
| 245 | 1 | _aComportamento de cultivares de cebola (Allium cepa L.)em diferentes epocas de plantio por mudas na cultura de verao em Piedade, SP [variedade resistente, mal das sete voltas, Colletotrichum gloeosporioides, raiz rosada, Pyrenochaeta terrestris, Sao Paulo, Brasil] | |
| 246 | 1 | _aOnion (Allium cepa L.)cultivar performance in different planting seasons for summer crop in Piedade, SP [resistant variety, onion anthracnose, Colletotrichum gloeosporioides, pink root, Pyrenochaeta terrestris, Sao Paulo, Brazil] | |
| 260 | 3 |
_aPiracicaba, SP (Brasil): _c1984. |
|
| 300 | _a119 p. | ||
| 500 | _a61 tables; 40 ref.; Summaries (Eng, Por) | ||
| 650 | _aCEBOLA | ||
| 650 | _aMUDA | ||
| 650 | _aPLANTIO | ||
| 650 | _aBULBO | ||
| 650 | _aCOMPORTAMENTO DE VARIEDADE | ||
| 650 | _aVARIEDADE RESISTENTE | ||
| 650 | _aMAL DAS SETE VOLTAS | ||
| 650 | _aRAIZ ROSADA | ||
| 650 | _aSAO PAULO | ||
| 909 |
_a202309 _bLucia _c55 _dLucia Elande |
||
| 942 | _cBK | ||
| 999 |
_c36016 _d36016 |
||